000 00518nam a2200193Ia 4500
005 20250508163601.0
008 008 250505s9999 xx 000 0 eng d
037 _aTextual
040 _aFEDL
_beng
_cFEDL
041 _aeng
_2eng
084 _a370.954, SHA
_qFEDL
100 _aSharma Madhu
245 0 _aHistory of education in India
260 _aDelhi, India
_bSwaraj Prakashan
_c1997
300 _ax,268p
650 _aEducation
942 _cTEXL
_h370.954, SHA
999 _c1384214
_d1384214